| 000 | 00600nam a2200121Ia 4500 | ||
|---|---|---|---|
| 008 | 171212s9999 xx 000 0 und d | ||
| 020 | _a9780833034687 | ||
| 100 | _aGlenn, Russell W.;Raymond, Barbara;Barnes-Proby, Dionne;Williams, Elizabeth;Christian, John | ||
| 245 |
_cGlenn, Russell W.;Raymond, Barbara;Barnes-Proby, Dionne;Williams, Elizabeth;Christian, John _aTraining the 21st Century Police Officer _bRedefining Police Professionalism for the Los Angeles Police Department |
||
| 260 |
_bRAND Corporation _c2003 |
||
| 650 | _aPolitical Science | ||
| 856 | _uwww.jstor.org/stable/10.7249/mr1745lapd | ||
| 999 |
_c352751 _d352751 |
||